| 000 | 00484nam a2200193Ia 4500 | ||
|---|---|---|---|
| 008 | 151121s9999||||xx |||||||||||||| ||und|| | ||
| 082 | _a338/ | ||
| 082 | _bHNW-63824 | ||
| 100 | _aPublisher | ||
| 245 | _a5 Ysear Plan Bombay State 1956-61 | ||
| 260 | _bGovt। Of Bombay। | ||
| 260 | _c-- | ||
| 300 | _a136 | ||
| 600 | _aPublisher | ||
| 630 | _a5 Ysear Plan Bombay State 1956-61 | ||
| 700 | _aPublisher | ||
| 730 | _a5 Ysear Plan Bombay State 1956-61 | ||
| 942 | _cBOOK | ||
| 999 |
_c1245355 _d1245352 |
||